| 000 | 00000nam 2200000zi 4500 |
| 001 | 9.885095 |
| 003 | CaOODSP |
| 005 | 20250127091931 |
| 006 | m o d f |
| 007 | cr ||||||||||| |
| 008 | 200227t20202020quca ob f00| 0 eng d |
| 020 | |a9780660342573 |
| 040 | |aCaOODSP|beng|erda|cCaOODSP |
| 043 | |an-cn--- |
| 086 | 1 |aEn14-406/2020E-PDF |
| 245 | 00|aReporting guidance for the wastewater sector to the National Pollutant Release Inventory. |
| 250 | |a[2020 edition]. |
| 264 | 1|a[Gatineau, QC] : |bEnvironment and Climate Change Canada = Environnement et Changement climatique Canada,|c2020. |
| 264 | 4|c©2020 |
| 300 | |a1 online resource (ii, 53 pages) : |bfigures |
| 336 | |atext|btxt|2rdacontent |
| 337 | |acomputer|bc|2rdamedia |
| 338 | |aonline resource|bcr|2rdacarrier |
| 500 | |aIssued also in French under title: Guide de déclaration à l’Inventaire national des rejets de polluants à l’intention du secteur des eaux usées. |
| 500 | |aCover title. |
| 500 | |a"March 2019." |
| 504 | |aIncludes bibliographical references (pages 45-46). |
| 520 | |a"This Guide was developed to help wastewater facility operators/managers understand the NPRI reporting requirements and how they should report. This will improve the quality of reporting, and the accuracy of information provided"--Introduction, page i. |
| 650 | 0|aPollutants|xReporting|zCanada. |
| 650 | 0|aSewage disposal plants|xEnvironmental aspects|zCanada. |
| 650 | 0|aSewage disposal|xEnvironmental aspects|zCanada. |
| 710 | 1 |aCanada. |bEnvironment and Climate Change Canada. |
| 775 | 08|tGuide de déclaration à l’Inventaire national des rejets de polluants à l’intention du secteur des eaux usées.|w(CaOODSP)9.885096 |
| 794 | |tReporting guidance for the wastewater sector to the National Pollutant Release Inventory.|b(2024)|w(CaOODSP)9.929358 |
| 856 | 40|qPDF|s1.75 MB|uhttps://publications.gc.ca/collections/collection_2020/eccc/En14-406-2020-eng.pdf |